LEADER 01292nam a2200265 i 4500 001 000000109305 003 CaOOAMICUS 005 20021031000000.0 008 021031s1918 fr u000 u fre u 013 $a81985 040 $aSeMil$bita 100 1 $aBourdenne, Basilide.$0(OLS)http://semarc/name/45911 245 13$aLa vie et l'ouvre de vénérable Michel Garicoïts, Fondateur de l'Institut des Prêtres du Sacré-Cour-de-Jésus (de Bétharram) /$cBasilide Bourdenne , S.C.J. 250 $a3. ed. refondue. 260 $aParis :$bGabriel Beauchesne,$c1918. 300 $aX, 601 p. :$b[1] c. di ritr., [24] c. di tav. ;$c20 cm. 500 $aContiene : Appendices. - Fondo Card. C.M. Martini. 600 14$aGaricoïts, Michele .$0(OLS)http://semarc/subject/45595 650 4$aBetarramiti - Storia.$0(OLS)http://semarc/subject/19347 850 $aSeMil 852 $aSeMil$W1$xVenegono$y1$m3J II 46$j65311$B65311$CSeMilBibl$Z2$F91989 $81 941 1 $a4 961 $aOmaggio: Martini Card. Carlo Maria 996 $6245$aLa vie et l'ouvre de vénérable Michel Garicoïts, Fondateur de l'Institut des Prêtres du Sacré-Cour-de-Jésus (de Bétharram)$9(OLS)http://semarc/title/158670 996 $6260$aParis :$bGabriel Beauchesne$9(OLS)http://semarc/publisher/31647 LEADER 00919nam a2200229 i 4500 001 000000023224 003 CaOOAMICUS 005 20260304112506.0 008 180830s20102011it a d u000 u ita u 020 $a978-88-12-00040-1 040 $aSeMil$bita 245 10$aEnciclopedia dell'italiano. 264 1$aRoma :$bIstituto della Enciclopedia Italiana,$c2010-2011. 300 $a2 v. ;$c29 cm. 650 4$aLingua italiana - Enciclopedie e dizionari.$0(OLS)http://semarc/subject/1446 773 0 $tVocabolario Treccani.$dRoma : Istituto della Enciclopedia Italiana, 2008-2022.$w()23519 774 0 $t1: A-L.$g1$w()183869 774 0 $t2: M-Z.$g2$w()203871 996 $6020$a978-88-12-00040-1$9(OLS)http://semarc/number/1239 996 $6245$aEnciclopedia dell'italiano$9(OLS)http://semarc/title/31136 996 $6264$aRoma :$bIstituto della Enciclopedia Italiana$9(OLS)http://semarc/publisher/30014